000 00422nam a2200169Ia 4500
001 28513
003 IN-NITTTR
005 20251114233352.0
008 251113s9999||||xx |||||||||||||| ||eng||
040 _beng
040 _cIN-NITTTR
041 _aeng
082 _a620.0042 R26C
100 _aRegalla, Srinivasa Prakash
245 0 _aComputer-aided analysis and design /
_cRegalla, Srinivasa Prakash
942 _2ddc
_cBK
999 _c31141
_d31141